MAASAI MARA UNIVERSITY

LIBRARY CATALOGUE

Contact Us: +254 020 2685356/7 or 0774 057787

Box: 861-20500, NAROK, KENYA

Email: info@mmarau.ac.ke

_Global business today .-5 ed Charles W .L.Hill (Record no. 12989)

MARC details
000 -LEADER
fixed length control field 00477nam a2200157Ia 4500
008 - FIXED-LENGTH DATA ELEMENTS--GENERAL INFORMATION
fixed length control field 151021s9999 xx 000 0 und d
020 ## - INTERNATIONAL STANDARD BOOK NUMBER
International Standard Book Number 9.7800733814e+012
050 ## - LIBRARY OF CONGRESS CALL NUMBER
Classification number HD 62.4 .H548 2009
245 ## - TITLE STATEMENT
Title _Global business today .-5 ed Charles W .L.Hill
260 ## - PUBLICATION, DISTRIBUTION, ETC. (IMPRINT)
Place of publication, distribution, etc. Boston McGraw Hill 2009
300 ## - PHYSICAL DESCRIPTION
Extent xxiii,608p.;ill
500 ## - GENERAL NOTE
General note Includes index.
500 ## - GENERAL NOTE
General note Includes index.
650 ## - SUBJECT ADDED ENTRY--TOPICAL TERM
Topical term or geographic name as entry element _International usiness entreprises
980 ## - EQUIVALENCE OR CROSS-REFERENCE-SERIES STATEMENT--PERSONAL NAME/TITLE [LOCAL, CANADA]
Personal name ^d20130619 11:39:17^oanne

No items available.

© 2016 Maasai Mara University.